01353nab a2200385 i 450000100060000000300080000600500170001400600190003100700150005000800410006502200140010603500210012004000310014105000210017208000130019308200210020610000200022724501070024726400310035430000390038531000140042433600310043833700330046933800430050236200330054558801230057865000250070165100390072665100390076565100200080465100130082465500320083777300360086985600620090555818FlNmELB20241216232806.0m o d | cr cnu||||||||140701c20129999sp er p o 0 b0spa d a2013-4428 a(OCoLC)949112240 aFINmELBbspaerdacFINmELB 4aK2237bG618 2012 a327(417)0 a301.294150422231 aGolden, Seán.10aEntre el rugby y el cricket :bqué soberanía queda para las pequeñas naciones? /cSeán Golden. 1aBarcelona :bCIDOB,c2012. a1 recurso en línea (5 páginas) aQuincenal atextobtxt2rdacontent/spa acomputadorabc2rdamedia/spa arecurso en líneabcr2rdacarrier/spa0 anúmero 50 (marzo) (2012) - aDescripción basada en recurso en línea; Título de la página del título en PDF (e-libro, visto July 1, 2014). 4aProcedimiento legal. 0aIrelandxRelationszGreat Britain. 0aGreat BritainxRelationszIreland. 4aGran Bretaña. 4aIrlanda. 4aArtículos electrónicos.0 tNotes Internationalsx2013-442840uhttps://elibro.net/ereader/politecnicointernacional/32811